NBA All-Stars 2014 - Statistics

General Stats
  • This quiz has been taken 958 times
    949 since last reset
  • The average score is 21 of 25
Answer Stats
Team Player % Correct
Golden State Stephen Curry
100%
Oklahoma City Kevin Durant
98%
Los Angeles Lakers Kobe Bryant
97%
Los Angeles Clippers Chris Paul
96%
Miami LeBron James
96%
Houston James Harden
95%
Miami Dwyane Wade
94%
Los Angeles Clippers Blake Griffin
93%
Portland Damian Lillard
92%
Dallas Dirk Nowitzki
92%
Indiana Paul George
91%
New Orleans Anthony Davis
90%
Cleveland Kyrie Irving
89%
New York Carmelo Anthony
88%
Washington John Wall
88%
Miami Chris Bosh
85%
San Antonio Tony Parker
84%
Toronto DeMar DeRozan
80%
Minnesota Kevin Love
74%
Portland LaMarcus Aldridge
72%
Houston Dwight Howard
64%
Chicago Joakim Noah
64%
Atlanta Paul Millsap
59%
Indiana Roy Hibbert
47%
Brooklyn Joe Johnson
39%
No matching quizzes found
Score Distribution
Percent of People with Each Score
Percentile by Number Answered
Your Score History
You have not taken this quiz since the last reset